000 01141cam a2200325 i 4500
001 40115
003 Mx-PuUPA
005 20250514152234.0
008 140415s1997 mx a gr 000 0 spa d
040 _aMx-PuUPA
_cMx-PuUPA
_bspa
_dMx-PuUPA
_erda
041 0 _aspa
043 _an-mx---
100 1 _aDomínguez Castilla, José M.,
_eautor
_917053
245 1 0 _aEnsayo crítico-histórico sobre la Revolución de La Noria /
_bJosé M. Domínguez Castilla
250 _aSegunda edición
264 1 _a[México?] :
_bSecretaría de Cultura, Gobierno del Estado de Puebla,
_c1997
300 _a204 páginas :
_bilustraciones ;
_c22 cm
336 _2rdacontent
_atexto
_btxt
337 _2rdamedia
_asin medio
_bn
338 _2rdacarrier
_avolumen
_bnc
490 0 _aColección Portal Poblano ;
_v30
600 1 4 _aDíaz, Porfirio,
_d1830-1915
_xHistoria
650 7 _2armarc
_913986
651 4 _aMéxico
_xHistoria
_y1867-1910
942 _2ddc
_cLI
_h45460
_iD66
999 _c40115
_d40115